000 01597nam a2200385Ia 4500
001 ebr10277745
003 CaPaEBR
006 m u
007 cr cn|||||||||
008 080303s2008 mnuabf sb 001 0 eng d
010 _z 2008009635
020 _z0816647836 (alk. paper)
020 _z0816647844 (pbk. : alk. paper)
020 _z9780816647835 (alk. paper)
020 _z9780816647842 (pbk. : alk. paper)
040 _aCaPaEBR
_cCaPaEBR
035 _a(OCoLC)318218600
050 1 4 _aE98.P95
_bB66 2008eb
100 1 _aBrooks, Lisa Tanya.
245 1 4 _aThe common pot
_h[electronic resource] :
_bthe recovery of native space in the Northeast /
_cLisa Brooks.
260 _aMinneapolis :
_bUniversity of Minnesota Press,
_cc2008.
300 _axlvi, 346 p. :
_bill., maps.
490 1 _aIndigenous Americas
500 _aOriginally presented as the author's thesis (doctoral--Cornell University, 2004).
504 _aIncludes bibliographical references (p. 255-319) and index.
533 _aElectronic reproduction.
_bPalo Alto, Calif. :
_cebrary,
_d2011.
_nAvailable via World Wide Web.
_nAccess may be limited to ebrary affiliated libraries.
650 0 _aGeographical perception
_zNorth America.
650 0 _aIndian philosophy.
650 0 _aIndians of North America
_xPsychology.
650 0 _aSacred space
_zNorth America.
655 7 _aElectronic books.
_2local
710 2 _aebrary, Inc.
830 0 _aIndigenous Americas.
856 4 0 _uhttp://site.ebrary.com/lib/rucke/Doc?id=10277745
_zAn electronic book accessible through the World Wide Web; click to view
999 _c5590
_d5590